000 00703nam a2200289Ia 4500
005 20260324134353.0
008 008 260324s9999 xx 000 0 eng d
020 _a9780203045480
037 _aEBOOK
040 _aCRL
040 _beng
040 _cCRL
041 _2eng
041 _aeng
084 _qCRL
100 _aAlan S. Milward
_9872634
245 4 _aThe Rise and Fall of a National Strategy
245 4 _bThe UK and The European Community: Volume 1
260 _bTaylor and Francis
260 _c2002
365 _a
365 _b240
856 _uhttp://www.taylorfrancis.com/books/9780203045480
942 _cEBOOK
999 _c1796594
_d1796594